Statistics for To Love Someone - Benson Boone (All Lyrics)

Click here to take the quiz!

General Stats

  • This quiz has been taken 9 times
  • The average score is 176 of 229

Answer Stats

Answer% Correct
A
100%
a
100%
all
100%
apartment,
100%
apartment
100%
be
100%
Brand
100%
clothes
100%
counter,
100%
door
100%
floor
100%
fork
100%
I
100%
in
100%
keys
100%
Love
100%
love
100%
mattress
100%
new
100%
on
100%
plastic
100%
some
100%
that
100%
the
100%
up
100%
wanted,
100%
you
100%
your
100%
You're
100%
and
80%
And
80%
been
80%
blow
80%
face
80%
feels
80%
forks
80%
I'm
80%
Is
80%
is
80%
it
80%
like
80%
never
80%
nothing
80%
sat
80%
someone,
80%
someone
80%
someone?
80%
suddenly
80%
sure
80%
this
80%
To
80%
to
80%
was
80%
way
80%
we
80%
what
80%
are,
60%
But
60%
can't
60%
Chances
60%
chances
60%
could
60%
Empty
60%
forget
60%
future
60%
I'll
60%
imagine
60%
isn't
60%
it's
60%
last
60%
Our
60%
places
60%
take
60%
time
60%
until
60%
us
60%
will
60%
yet
60%
yours
60%
at
40%
ceiling
40%
creep
40%
dance
40%
Don't
40%
Fighting
40%
flashbacks
40%
gone
40%
gonna
40%
had,
40%
how
40%
ignore
40%
know
40%
memory
40%
ourselves
40%
pay
40%
price
40%
stare
40%
supposed
40%
tell
40%
through
40%
try
40%
We're
40%
with
40%
Maybe
20%
maybe
20%
pain's
20%
strange
20%
sweet,
20%

Score Distribution

Percentile by Number Answered

Percent of People with Each Score

Your Score History

You have not taken this quiz